| 000 | 00822nam a22002177a 4500 | ||
|---|---|---|---|
| 005 | 20250502083427.0 | ||
| 008 | 130821s1986 xxu gr eng | ||
| 020 | _a0816612943 | ||
| 040 |
_aCo-BoUCM _bspa _cDavid Moreno (modificó) _dDavid Moreno (modificó) |
||
| 041 | 0 | 0 | _aeng |
| 100 | 1 |
_aMan, Paul De. _9171490 |
|
| 245 | 1 | 4 |
_aThe resistance to theory _cPaul de Man; foreword by Wlad Godzich. |
| 260 |
_aMinneapolis (Minessota, Estados Unidos) _bUniversity of Minnesota Press _c1986 |
||
| 300 | _axviii, 137 Páginas | ||
| 490 | 0 |
_aTheory and History of Literature _v33 |
|
| 650 | 0 | 4 |
_aTeoría literaria _987951 |
| 650 | 0 | 4 |
_aCrítica literaria _915765 _xAspectos filosóficos |
| 650 | 0 | 4 |
_aRetórica y literatura _918599 |
| 942 |
_cLIBRO _a18 _e1 _mM266r _2DEWEY _h801.95 _n0 |
||
| 999 |
_c90570 _d90570 |
||